000
00303nam a2200145Ia 4500
008
210210b xxu||||| |||| 00| 0 eng d
041
_a
eng
082
_a
822/11
100
_a
ADDISON (J)
245
_a
Spectator
260
_a
_b
-
_c
650
_a
Spectator
690
_a
English Prose
906
_a
012197
999
_c
130971
_d
130971